000 00964nam a2200277Ia 4500
005 20220316235445.0
008 121119s1994 sp a gr 000 j spa
020 _a8426117422
041 1 _aspa
100 1 _aLindgren, Astrid
_d1907-
245 1 0 _aYo también quiero tener hermanos
_cAstrid Lindgren ; ilustraciones, Ilon Wikland ; traducción, Herminia Dauer
250 _aPrimera edición
300 _a32 páginas
_bilustraciones
_c26 cm
650 1 4 _aLiteratura infantil
_2LEMB
650 1 4 _aNacimiento de un hermano
_xLibros de imágenes
_2LEMB
650 1 4 _aCuentos infantiles suecos
_2LEMB
700 1 _aWikland, Ilon
_eilustrador
_917401
700 1 _aDauer Cirlot, Herminia
_etraductor
_937671
942 _2loc
_cBKINF
264 _aBarcelona
_bJuventud
_c1994
336 _atexto
_btxt
_2rdacontent
337 _asin mediación
_bn
_2rdamedia
338 _avolumen
_bnc
_2rdacarrier
040 _aCO-BoRNBP
_bspa
_erda
_cCO-BoRNBP
084 _aA LIN3
999 _c1018
_d1018